La negociación de los productos agrícolas en el DR-CAFTA /
El artículo expone el proceso de negociación de los términos de ingreso de los productos agrícolas costarricenses, llevado a cabo por el Ministerio de Comercio Exterior (COMEX) en el marco del Tratado de Libre Comercio, firmado con los Estados Unidos, Centroamérica y República Dominicana para conoce...
Guardat en:
| Autor principal: | |
|---|---|
| Altres autors: | |
| Format: | Text |
| Matèries: | |
| Etiquetes: |
Afegir etiqueta
Sense etiquetes, Sigues el primer a etiquetar aquest registre!
|
MARC
| LEADER | 00000 a a2200000 04500 | ||
|---|---|---|---|
| 001 | 13770 | ||
| 003 | |||
| 040 | |||
| 100 | |a Sánchez Castillo, Cindy | ||
| 245 | |a La negociación de los productos agrícolas en el DR-CAFTA / |c Cindy Sánchez Castillo ; Luz Marina Vanegas Avilés | ||
| 520 | |a El artículo expone el proceso de negociación de los términos de ingreso de los productos agrícolas costarricenses, llevado a cabo por el Ministerio de Comercio Exterior (COMEX) en el marco del Tratado de Libre Comercio, firmado con los Estados Unidos, Centroamérica y República Dominicana para conocer cuales son los parámetros utilizados por dicho Ministerio en la negociación, y propiciar buenas condiciones de ingreso a mercados internacionales al sector agrícola nacional como una de las principales actividades productivas del país y de la cual dependen miles de costarricenses. A lo largo del texto, se realiza un recorrido por las diferentes etapas del proceso de negociación que antecedió la firma del tratado para concluir señalando las ventajas y desventajas del esquema utilizado por el COMEX; además, plantear sugerencias para las futuras negociaciones que se entablen. | ||
| 590 | |a RRA/JUNIO2011 | ||
| 650 | |a 1.NEGOCIACIONES COMERCIALES | ||
| 650 | |a 2.NEGOCIACIONES INTERNACINALES | ||
| 650 | |a 3.EVALUACION | ||
| 650 | |a 4.AMERICA CENTRAL | ||
| 650 | |a 5.REPUBLICA DOMINICANA | ||
| 650 | |a 6.ESTADOS UNIDOS | ||
| 700 | |a Vanegas Avilés, Luz Marina | ||
| 773 | |g volumen 87, número 2; páginas 51-66 | ||
| 999 | |c 31672 |d 31672 | ||
